Q. D. B. V. dissertatio iuridica qua tacitam eamque particularem emancipationem iure domestico fundatam praeside Godofredo Reinoldo Koeselisio vitembergensi phil. et iur. utr. doct. de verbor signif. et reg. iur. prof. publ. extra-ordinario in celeberrima ad albim Academia ad d. octobris MDCCXXIV horis consuetis in auditorio ictorum publice asseret atque defendet auctor Ioannes Godofred. Schubartus ileburgo-misnicus

Detalles Bibliográficos
Autor principal: Koeselisius, Godofredus Reinoldus
Formato: Libro
Lenguaje:Latin
Publicado: Vitembergae : literis viduae Gerdesiae, 1724.
Materias:
Colección:Banco de datos
Acervo:Fondo Bibliográfico Antiguo Víctor Manuel Castillo de la Universidad de Ciencias y Artes de Chiapas
Descripción Física:32 p. ; 4°
Tema general:Derecho civil
Notas:Portada tipográfica con pleca en grabado xilográfico. Texto a renglón seguido. Incluye cabecera de título. Incluye capitular floreada en grabado xilográfico
LEADER 01126nam a22001810004500
035 |a 2061 
041 0 |a lat 
100 1 |a Koeselisius, Godofredus Reinoldus 
245 1 0 |a Q. D. B. V. dissertatio iuridica qua tacitam eamque particularem emancipationem iure domestico fundatam praeside Godofredo Reinoldo Koeselisio vitembergensi phil. et iur. utr. doct. de verbor signif. et reg. iur. prof. publ. extra-ordinario in celeberrima ad albim Academia ad d. octobris MDCCXXIV horis consuetis in auditorio ictorum publice asseret atque defendet auctor Ioannes Godofred. Schubartus ileburgo-misnicus 
260 |a Vitembergae : literis viduae Gerdesiae, 1724.  
300 |a 32 p. ; 4° 
500 |a Portada tipográfica con pleca en grabado xilográfico. Texto a renglón seguido. Incluye cabecera de título. Incluye capitular floreada en grabado xilográfico 
501 |a 25 obras 
650 1 0 |a Derecho civil 
949 |a UNICACH, Colección de Víctor Manuel Castillo: 01438-M 
942 |c CHIACASTI 
943 |g Fondo Bibliográfico Antiguo Víctor Manuel Castillo de la Universidad de Ciencias y Artes de Chiapas 
999 |c 1100357  |d 1100357